[Event "Moscow ACF Botvinnik Memorial"]
[Site "Moscow"]
[Date "2017.11.07"]
[Round "10"]
[White "Barmagambetov, Meyrzhan"]
[Black "Schitco, Ivan"]
[Result "0-1"]
[WhiteElo "1998"]
[BlackElo "2297"]
[PlyCount "120"]
[EventDate "2017.11.02"]
[EventType "tourn"]
[EventRounds "11"]
[EventCountry "RUS"]
[SourceTitle "CBM 181 Extra"]
[Source "ChessBase"]
[SourceDate "2017.12.12"]
[SourceVersion "1"]
[SourceVersionDate "2017.12.12"]
[SourceQuality "1"]

1. e4 e5 2. Nf3 Nc6 3. Bc4 Nf6 4. d3 h6 5. c3 d6 6. h3 g5 7. Nbd2 Bg7 8. Nf1 0-0 9. Ng3 Ne7 10. Nh2 c6 11. Ng4 d5 12. Nxf6+ Bxf6 13. Bb3 Bg7 14. h4 g4 15. Nh5 f5 16. Nxg7 Kxg7 17. exd5 Nxd5 18. Qe2 Re8 19. Bxd5 cxd5 20. f3 g3 21. Bd2 f4 22. 0-0-0 Bf5 23. d4 Qa5 24. dxe5 Qxa2 25. Bxf4 Qb1+ 26. Kd2 Qxb2+ 27. Ke1 Qxc3+ 28. Kf1 d4 29. Bxg3 d3 30. Qe3 Rac8 31. Qxa7 Qc2 32. Ra1 d2 33. Kg1 d1Q+ 34. Rxd1 Qxd1+ 35. Kh2 Qd5 36. Re1 Rc2 37. Qa4 Qxf3 38. Qxc2 Qxg3+ 39. Kxg3 Bxc2 40. Kf4 b5 41. Rc1 Rc8 42. Ra1 Rc7 43. Ra5 Rb7 44. Ra2 Bd3 45. Ke3 Bc4 46. Rb2 b4 47. Kd4 Be6 48. Kc5 b3 49. Kd6 Bg8 50. e6 Rb6+ 51. Kc5 Rxe6 52. Rxb3 Re5+ 53. Kd4 Bxb3 54. Kxe5 h5 55. Kf5 Bd1 56. Kg5 Bg4 57. g3 Kf7 58. Kf4 Kf6 59. Ke4 Ke6 60. Kf4 Kd5 0-1

[Event "Moscow ACF Botvinnik Memorial"]
[Site "Moscow"]
[Date "2017.11.04"]
[Round "6"]
[White "Barmagambetov, Meyrzhan"]
[Black "Kacharava, Nikoloz"]
[Result "0-1"]
[WhiteElo "1998"]
[BlackElo "2332"]
[PlyCount "86"]
[EventDate "2017.11.02"]
[EventType "tourn"]
[EventRounds "11"]
[EventCountry "RUS"]
[SourceTitle "CBM 181 Extra"]
[Source "ChessBase"]
[SourceDate "2017.12.12"]
[SourceVersion "1"]
[SourceVersionDate "2017.12.12"]
[SourceQuality "1"]

1. e4 d6 2. d4 Nf6 3. Nc3 e5 4. dxe5 dxe5 5. Qxd8+ Kxd8 6. Bg5 Be6 7. 0-0-0+ Nbd7 8. a3 c6 9. h3 Bc5 10. Bh4 Ke7 11. Nf3 h6 12. g4 g5 13. Bg3 Bd6 14. Be2 b5 15. Nd2 a5 16. a4 b4 17. Ncb1 Nc5 18. f3 Nxa4 19. Nc4 Bxc4 20. Bxc4 Bc7 21. Nd2 Nd7 22. Ba2 Nac5 23. Nc4 a4 24. Ne3 b3 25. cxb3 Nxb3+ 26. Bxb3 axb3 27. Nf5+ Ke6 28. Kd2 Ra2 29. Kc3 Rb8 30. h4 Nc5 31. hxg5 Na4+ 32. Kd2 Rd8+ 33. Ke1 Ba5+ 34. Rd2 Ra1+ 35. Ke2 Rxd2+ 36. Ke3 Rxh1 37. gxh6 Nxb2 38. f4 Nd1+ 39. Kf3 Rf1+ 40. Bf2 Rfxf2+ 41. Kg3 Rd3+ 42. Kh4 Rh2+ 43. Kg5 Bd8+ 0-1

[Event "Moscow ACF Botvinnik Memorial"]
[Site "Moscow"]
[Date "2017.11.04"]
[Round "5"]
[White "Nurmamedov, Azat"]
[Black "Barmagambetov, Meyrzhan"]
[Result "1-0"]
[WhiteElo "2189"]
[BlackElo "1998"]
[PlyCount "91"]
[EventDate "2017.11.02"]
[EventType "tourn"]
[EventRounds "11"]
[EventCountry "RUS"]
[SourceTitle "CBM 181 Extra"]
[Source "ChessBase"]
[SourceDate "2017.12.12"]
[SourceVersion "1"]
[SourceVersionDate "2017.12.12"]
[SourceQuality "1"]

1. e4 e5 2. Nf3 Nc6 3. Bb5 a6 4. Ba4 Nf6 5. 0-0 Be7 6. Re1 b5 7. Bb3 d6 8. c3 0-0 9. h3 Nb8 10. d4 Nbd7 11. Nbd2 c5 12. Nf1 Bb7 13. Ng3 Re8 14. Bc2 g6 15. Bh6 Bf8 16. Bxf8 Kxf8 17. Qd2 Kg8 18. d5 c4 19. Rad1 Nc5 20. Qh6 Qe7 21. Nh2 Qf8 22. Qd2 h5 23. Nf3 Bc8 24. Rb1 Bd7 25. h4 a5 26. Ng5 Nh7 27. Rf1 Nxg5 28. hxg5 h4 29. Ne2 Qe7 30. f4 Bg4 31. Rbe1 f6 32. gxf6 Qxf6 33. fxe5 Qxe5 34. Nd4 Rf8 35. Nc6 Qh5 36. e5 h3 37. Bxg6 Qh4 38. Qe3 Kg7 39. Bc2 hxg2 40. Kxg2 Nd3 41. Bxd3 cxd3 42. Rh1 Bf3+ 43. Qxf3 d2 44. Rd1 Rxf3 45. Rxh4 Rf5 46. Rxd2 1-0

[Event "Moscow ACF Botvinnik Memorial"]
[Site "Moscow"]
[Date "2017.11.03"]
[Round "4"]
[White "Barmagambetov, Meyrzhan"]
[Black "Yeritsyan, Aram"]
[Result "1-0"]
[WhiteElo "1998"]
[BlackElo "2293"]
[PlyCount "95"]
[EventDate "2017.11.02"]
[EventType "tourn"]
[EventRounds "11"]
[EventCountry "RUS"]
[SourceTitle "CBM 181 Extra"]
[Source "ChessBase"]
[SourceDate "2017.12.12"]
[SourceVersion "1"]
[SourceVersionDate "2017.12.12"]
[SourceQuality "1"]

1. e4 e5 2. Nf3 Nc6 3. Bc4 Bc5 4. 0-0 Nf6 5. d3 d6 6. h3 Na5 7. Nbd2 Nxc4 8. Nxc4 Be6 9. Ne3 h6 10. c3 Bb6 11. Re1 Qd7 12. Nc4 Bxc4 13. dxc4 Qc6 14. Qd3 0-0-0 15. a4 a5 16. Be3 g5 17. Bxb6 Qxb6 18. Nh2 Nd7 19. b4 axb4 20. a5 Qc5 21. a6 bxa6 22. cxb4 Qxb4 23. Reb1 Nc5 24. Qc2 a5 25. Rxb4 axb4 26. Nf3 Kd7 27. Nd2 Ra8 28. Rb1 Rhb8 29. Nb3 Na4 30. Ra1 Nc3 31. Rxa8 Rxa8 32. c5 Ra3 33. cxd6 cxd6 34. Nc1 Ra1 35. Kh2 f5 36. Nd3 Nxe4 37. Nxb4 Rf1 38. f3 Nf2 39. Qc6+ Ke7 40. Qc7+ Kf6 41. Qxd6+ Kf7 42. Qd7+ Kf6 43. Qd6+ Kf7 44. Qd7+ Kf6 45. Nd5+ Kg6 46. Qe6+ Kg7 47. Qf6+ Kh7 48. Qxf5+ 1-0